000 00458nam a2200157Ia 4500
008 220216s9999 xx 000 0 und d
100 _aMeenakumari T
245 0 _aRubber research in Hainan, S. China: Stress tolerance and the concept of root stock clones
260 _bRubber Board Bulletin
_c2011
300 _a16-20
650 _aGenetic diversity
650 _aMolecualr markers
650 _aRoot stock
650 _aStress tolerance
942 _cJS
999 _c67957
_d67957